000 00295nam a22001337a 4500
008 180205b xxu||||| |||| 00| 0 eng d
020 _a9780312675974
041 _aeng
080 _a37
100 _a45
101 _aedu
245 _athe st. martin handbook
_candrea.a.l
942 _2udc
_cBK
999 _c41788
_d41788